000 01272cam a2200289 a 4500
999 _c126875
_d126875
001 14049705
003 ARRUPE
005 20170904114212.0
008 050722r20041999enkach b 001 0 eng d
010 _a 2005278317
020 _a0567042308 (pbk. : alk. paper)
035 _a(OCoLC)ocm57667130
040 _aCST
_cCST
_dOCLCQ
_dDLC
042 _alccopycat
050 0 0 _aBS2361.3
_b.T44 2004
082 0 0 _a225.6
_222
100 1 _aTempleton, Douglas A.
_935550
245 1 4 _aThe New Testament as true fiction :
_bliterature, literary criticism, aesthetics /
_cDouglas A. Templeton.
260 _aLondon ;
_aNew York :
_bT & T Clark International,
_c2004.
300 _a391 p. :
_c22 cm.
490 0 _aT & T Clark academic paperbacks
630 0 0 _aBible.
_pNew Testament
_xCriticism, interpretation, etc.
_935551
630 0 0 _aBible.
_pNew Testament
_xLanguage, style.
_935552
906 _a7
_bcbc
_ccopycat
_d2
_encip
_f20
_gy-gencatlg
942 _2lcc
_cMONOGRAPH